Fyzika /

Gespeichert in:
Bibliographische Detailangaben
1. Verfasser: Urgošík, Bohuš (Verfasst von)
Format: Buch
Sprache:Tschechisch
Veröffentlicht: Praha : SNTL, 1981
Schriftenreihe:Polytechnická knižnice - 2. řada - příručky sv. 88
Tags: Tag hinzufügen
Keine Tags, Fügen Sie das erste Tag hinzu!

MARC

LEADER 00000nam a22000003a 4500
001 stu684
005 20150617225617.9
008 910613s1981----cs------------------cze-d
040 |a STU  |b slo 
041 0 |a cze 
044 |a cs 
080 |a 53(075.3) 
100 1 |a Urgošík, Bohuš  |4 aut 
245 1 |a Fyzika /  |c [aut.] Urgošík,Bohuš 
260 |a Praha :  |b SNTL,  |c 1981 
300 |a 248 s 
830 0 |a Polytechnická knižnice - 2. řada - příručky  |v sv. 88 
996 |b E73863  |c E*73863  |l EE30  |s P  |a 0  |w stu684_0001 
996 |b E50710  |c E*50710  |l EE15  |s P  |a 0  |w stu684_0002